| 000 | 01054nam a22001937a 4500 | ||
|---|---|---|---|
| 999 |
_c59189 _d59189 |
||
| 003 | Ge_BSU | ||
| 005 | 20221213103736.0 | ||
| 008 | 221213s1974ge xxu||||| |||| 00| 0 geo d | ||
| 041 | _ageo | ||
| 080 | _a94(479.223)"05/14" ვ-21 | ||
| 100 |
_aვარშანიძე, შალვა, ავტ. _916367 |
||
| 245 |
_aნარკვევები შუა საუკუნეების აჭარის ისტორიიდან : _b(XVII საუკუნის ოცდაათიანი წლების დასასრულამდე) _c შალვა ვარშანიძე, რედ: ვ. დონაძე |
||
| 264 |
_aბათუმი : _bსაბჭ. აჭარა, _c1974. |
||
| 300 |
_a147გვ. : _b 4 ფ. ილ. ; _c 22 სმ. |
||
| 520 | _aრეზ. რუს. და ინგლ. ენ. | ||
| 653 | _aაჭარის შუა საუკუნეების ისტორია. | ||
| 700 |
_aდონაძე, ვ _eრედაქრტორი _910182 |
||
| 942 |
_2udc _cBK |
||